| 000 | 00360nam a2200157Ia 4500 | ||
|---|---|---|---|
| 008 | 230711s9999||||xx |||||||||||||| ||und|| | ||
| 041 | _aENG | ||
| 082 |
_a720 _bHE-C |
||
| 100 | _aHeller,Joseph | ||
| 245 | 0 | _aCatch -22 | |
| 250 | _a1st | ||
| 260 |
_c1993 _aNew Delhi _bHarperCollins Publishers India |
||
| 300 | _a570 | ||
| 650 | _aArchitecture | ||
| 942 | _cBK | ||
| 999 |
_c3431 _d3431 |
||